| 000 | 01440nam a2200325 i 4500 | ||
|---|---|---|---|
| 001 | 181014 | ||
| 003 | ES-MaACL | ||
| 005 | 20250804063440.0 | ||
| 008 | 121001s2010 sp ao |||| |dspa d | ||
| 020 | _a978-84-96763-24-1 | ||
| 080 | _a791.862(0:7)(083.824) | ||
| 080 | _a636.2.046.8(0:7)(083.824) | ||
| 080 | _a7(083.824) | ||
| 245 | 0 | 0 |
_aTaurus : _bdel mito al ritual : Museo de Bellas Artes de Bilbao : 7 de junio-5 de septiembre de 2010 / _c[comisariado, Javier Viar Olloqui, Miriam Alzuri ; textos, Virginia Albarrán Martín ... et al.] |
| 260 |
_aBilbao : _bMuseo de Bellas Artes de Bilbao, _c[2010] |
||
| 300 |
_a400 páginas : _bilustraciones (blanco y negro y color) ; _c27 x 25 cm |
||
| 504 | _aBibliografía: páginas 393-399 | ||
| 650 | 7 |
_aCorridas de toros- _xEn el arte- _vExposiciones _9151512 |
|
| 650 | 7 |
_aToros de lidia- _xEn el arte- _vExposiciones _9151513 |
|
| 655 | 7 |
_aCatálogos de exposiciones _2tgfbne _9193628 |
|
| 700 | 1 |
_aViar, Javier, _d1946-2021 _eorm _9114294 |
|
| 700 | 1 |
_aAlzuri, Miriam, _d1964- _eorm _9151514 |
|
| 700 | 1 |
_aAlbarrán Martín, Virginia _eaut _9151515 |
|
| 710 | 2 |
_aMuseo de Bellas Artes de Bilbao _ehis _eedt _95844 |
|
| 852 |
_aES-MaACL _bR.147103 _cDEPO1 _dOlim: N-5237 _hDonación Real Academia Española _jA-12232 _9187895 |
||
| 914 |
_96336 _aReal Academia Española _ednr |
||
| 942 |
_2udc _cMONOGRAFIA _n0 |
||
| 999 |
_c181014 _d181014 |
||